01075nam a2200253 a 450000100100000000500170001000800410002702000150006804000250008310000390010824501310014725000120027826000730029030000270036349000300039050000730042050000210049350400320051470000450054671000720059183000360066395201050069999900170080400004168320201002035712.0130725s1992 sp a 001 0 spa d a8400072375 aDO-SdBNPbspacBNPHU1 aBassols de Climent, Mariano96849010aFonética latina /cMariano Bassols de Climent ; con un apéndice sobre fonemática latina por Sebastián Mariner Bigorra. a8a. ed. aMadrid :bConsejo Superior de Investigaciones Científicas.,c1992. aXXVI, 297 p. ;c22 cm.1 aTextos universitariosv18 aIncluye referencias bibliográficas y notas al pie de las páginas aIncluye índice aBibliografía : p. 264-2951 aMariner Bigorra, Sebastiáneed.9684912 aConsejo Superior de Investigaciones Científicas (España)915178 0aTextos universitariosv1891147 001050718MOaGRbGRcCTd2013-10-15iLF1l0o p41683-10r2020-06-25w2020-06-25y1ZNo se presta c41173d41173